Central Library OPAC University of Rajshahi

Studies in West African Islamic history / (Record no. 45667)

MARC details
000 -LEADER
fixed length control field 00826cam a2200265 a 4500
001 - CONTROL NUMBER
control field 45667
003 - CONTROL NUMBER IDENTIFIER
rucl marc code BD-RjUL
005 - DATE AND TIME OF LATEST TRANSACTION
control field 20211209054042.0
008 - FIXED-LENGTH DATA ELEMENTS--GENERAL INFORMATION
fixed length control field 160727s1979 enka b 001 0 eng
020 ## - INTERNATIONAL STANDARD BOOK NUMBER
Canceled/invalid ISBN 0714617376 (v. 1) :
035 ## - SYSTEM CONTROL NUMBER
System control number (BD-RjUL)45785
040 ## - CATALOGING SOURCE
Original cataloging agency DLC
Transcribing agency DLC
Modifying agency DLC
-- BD-RjUL
Language of cataloging eng
041 ## - LANGUAGE CODE
Language code of text/sound track or separate title eng
082 00 - DEWEY DECIMAL CLASSIFICATION NUMBER
Classification number 297.0966
Edition number 23
Author mark and year STU 1979
245 00 - TITLE STATEMENT
Title Studies in West African Islamic history /
Statement of responsibility, etc. edited with an introd. by John Ralph Willis
260 ## - PUBLICATION, DISTRIBUTION, ETC. (IMPRINT)
Place of publication, distribution, etc. London :
Name of publisher, distributor, etc. Routledge,
Date of publication, distribution, etc. c1979
300 ## - PHYSICAL DESCRIPTION
Pagination V. :
Illustrations ill. ;
Size 24 cm.
500 ## - GENERAL NOTE
General note Includes indexes.
504 ## - BIBLIOGRAPHY, ETC. NOTE
Bibliography, etc Bibliography: v. 1, p. 304-307.
505 ## - FORMATTED CONTENTS NOTE
Formatted contents note V.1-The Cultivators of Islam. --. V.2 --
650 #0 - SUBJECT ADDED ENTRY--TOPICAL TERM
Topical term or geographic name as entry element Islam
Geographic subdivision Africa, West
General subdivision History.
9 (RLIN) 139771
700 1# - ADDED ENTRY--PERSONAL NAME
Personal name Willis, John Ralph.
942 ## - ADDED ENTRY ELEMENTS (KOHA)
Source of classification or shelving scheme Dewey Decimal Classification
Koha item type Books
Holdings
Lost status Source of classification or shelving scheme Damaged status Not for loan Collection code Permanent Location Current Location Shelving location Date acquired Source of acquisition Cost, normal purchase price Total Checkouts Full call number Date last seen Copy number Koha item type
  Dewey Decimal Classification     Non-fiction Central Library, University of Rajshahi Central Library, University of Rajshahi   23/06/2009 Dhaka Ahsan Book Distribute 465.60   297.0966 STU V-2 1979 27/07/2016 C-2 Books
  Dewey Decimal Classification   Not For Loan Non-fiction Central Library, University of Rajshahi Central Library, University of Rajshahi Reading Room 23/06/2009 dhaka, paragon Enterprice ltd. 11046.00   297.0966 STU V-1 1979 04/12/2016 C-1 Books